000
00206 a2200097 4500
001
25677
100
_a
Room, M
245
_a
Masnavi Molana Room
260
_a
_b
Sh Ghulam Ali
_c
1963
090
_c
17371
_d
17371
942
_a
NUST-CAE
_c
M
_c
8193
999
_c
260750
_d
260750